000 00936nam a2200265Ia 4500
003 OSt
005 20221005104600.0
006 a|||||r|||| 00| 0
007 ta
008 221004b |||||||| |||| 00| 0 hin d
020 _a9789350641811 (pbk)
_c250
024 _a12955
037 _bSP/3352, 21/03/2014, Star Publications Pvt. Ltd.
_cTextual
040 _aCRL
_cCRL
_bhin
041 _2hin
_ahin
082 _aV2:51wN, 152Q3
100 _aपटोरिया, राजेन्द्र
245 0 _a50 क्रांतिकारी
246 _a50 krāantikārī
260 _aदिल्ली
_bराजपाल भारत
_c2013
300 _a257पृ0
_ccm.
650 _aविश्व-इतिहास
942 _hV2:51wN, 152Q3
_cTEXL
_2cc
999 _c1013160
_d1013160